Die Formstoffe der Eisen- und Stahlgiesserei : Ihr Wesen, ihre Prüfung und Aufbereitung /

Uložené v:
Podrobná bibliografia
Hlavný autor: Irresberger, Carl (Author)
Médium: Kniha
Jazyk:German
Vydané: Berlin : Verlag von Julius Springer, 1920.
Vydanie:1. Aufl.
ISBN: (viaz.)
Fyzický popis: v, 245 s. : il.
Tagy: Pridať tag
Žiadne tagy, Buďte prvý kto otaguje tento záznam!

MARC

LEADER 00000nam a2200000 a 4500
001 000466613
005 20150427190900.0
008 130408s1920 gw e ger d
020 |a (viaz.) 
040 |a SVKKK  |b slo  |c SVKKK  |e AACR2 
041 0 |a ger 
044 |a gw  |c DE 
100 1 |a Irresberger, Carl  |4 aut 
245 1 4 |a Die Formstoffe der Eisen- und Stahlgiesserei :  |b Ihr Wesen, ihre Prüfung und Aufbereitung /  |c von Carl Irresberger. 
250 |a 1. Aufl. 
260 |a Berlin :  |b Verlag von Julius Springer,  |c 1920. 
300 |a v, 245 s. :  |b il. 
504 |a Obsahuje register 
910 |a svkkk 
998 |a BK 
090 |g SCKHL  |k Sklad Pribinova 1. posch.  |a IV.21875  |j 188483  |i 466613-10  |s Prezenčne